Corrosao na producao e utilizacao do alcool
محفوظ في:
| مؤلفون مشاركون: | , , , , , |
|---|---|
| التنسيق: | كتاب |
| اللغة: | البرتغالية |
| منشور في: |
Río de Janeiro
INT
1984
|
| سلاسل: | Cadernos Técnicos INT, 1
|
| الموضوعات: | |
| الوسوم: |
إضافة وسم
لا توجد وسوم, كن أول من يضع وسما على هذه التسجيلة!
|
MARC
| LEADER | 00000nam a2200000 a 4500 | ||
|---|---|---|---|
| 001 | UCU3983 | ||
| 003 | CL-VaPUC | ||
| 008 | 960517e19840000BL |||||||||||||||||por|d | ||
| 082 | 0 | 4 | |a 661.82 |b MIN |2 21 |
| 110 | 2 | |a Ministério da Indústria e do Comércio |e author |9 361271 | |
| 710 | 2 | |a MIC |e author |9 361272 | |
| 710 | 2 | |a Secretaria de Tecnologia Industrial |e author |9 361273 | |
| 710 | 2 | |a STI |e author |9 361274 | |
| 710 | 2 | |a Instituto Nacional de Tecnologia |e author |9 361275 | |
| 710 | 2 | |a INT |e author |9 361276 | |
| 245 | 1 | 0 | |a Corrosao na producao e utilizacao do alcool |
| 300 | |a 217 p | ||
| 942 | |c BK | ||
| 945 | |d 19960517 00:00:00 |a cmena | ||
| 260 | |a Río de Janeiro |b INT |c 1984 | ||
| 650 | 0 | |a Alcohol etílico |9 361277 | |
| 650 | 7 | |a PRODUCTOS QUIMICOS ORGANICOS |2 CL-VaPUC |9 344420 | |
| 650 | 7 | |a BEBIDAS ALCOHOLICAS |2 CL-VaPUC |9 257200 | |
| 650 | 7 | |a DESTILERIAS |2 CL-VaPUC |9 336638 | |
| 650 | 7 | |a PLANTAS INDUSTRIALES FABRICAS |2 CL-VaPUC |9 336640 | |
| 650 | 7 | |a CORROSION |2 CL-VaPUC |9 271912 | |
| 650 | 0 | |a Oxidación |9 326616 | |
| 583 | |a last modification |c 19960517 00:00:00 |k Rodrigo Vera | ||
| 490 | 0 | |a Cadernos Técnicos INT, 1 | |
| 999 | |c 247822 |d 247820 | ||
| 952 | |0 0 |1 0 |4 0 |6 661_820000000000000_MIN_1984 |7 0 |8 A |9 264004 |a BIBING |b BIBING |d 2019-11-19 |i 1660624 |o 661.82 MIN 1984 |p 1660624 |r 2025-01-20 |w 2019-11-19 |y BK |k ING | ||